00478nam a22001457a 4500020001600000082001500016100002200031245008400053260004500137300000800182650001500190942000700205952010300212999001700315 a019564080-2 a294.38 RAD aRadhakrishnan, S. aThe Dhammapada: with Introductory Essays, Pali Tex English Translation and Note aNew delhibOxford University Pressc1996 a194 aDhammapada cBK 00104070aHMIbHMId2017-03-09eamazong325.00l0o294.38 RADp25198r2017-03-09w2017-03-09yBK c20339d20339